00318nam a2200133Ia 4500003000400000005001700004008004100021020002000062040002000082100001500102245004200117260001600159260000900175OSt20240215113019.0170524s9999 xx 000 0 und d a 9788189928353  cIIMT UNIVERSITY aKhanna O P 0aIndustrial Engineering and Management bDhanpat Rai c2012